El resentimiento en la moral /

Сохранить в:
Библиографические подробности
Главный автор: Scheler, Max (autor)
Формат:
Язык:испанский
Опубликовано: Madrid, España : Caparrós, 1993, c1993
Серии:(Esprit ; 4)
Предметы:
Метки: Добавить метку
Нет меток, Требуется 1-ая метка записи!

MARC

LEADER 00000nam^a2200000^a^4500
001 000052954
005 20250521000000.0
009 20260310090416.931
020 |a 84-87943-12-8 
037 |a Acervo ITESO - Biblioteca 
041 |a ESP 
082 |a 142. 7  |b SCH 
100 |a Scheler, Max  |e (autor) 
245 1 3 |a El resentimiento en la moral /  |c M. Scheler ; ed. de José María Vegas. 
264 4 |a Madrid, España :  |b Caparrós,  |c 1993, c1993 
300 |a 183 p. 
336 |a texto  |b txt  |2 rdacontenido 
337 |a sin mediación  |b n  |2 rdamedio 
338 |a volumen  |b nc  |2 rdasoporte 
440 1 |a (Esprit ;  |v 4) 
649 |a XX 
650 |a Resentimiento -  |x Tema Principal 
650 |a Emoción 
650 |a Etica 
650 |a Fenomenología -  |x Tema Principal 
650 |a Cristianismo -  |x Filosofía 
650 |a Religión -  |x Filosofía 
650 |a Filosofía del Siglo XX 
910 |a Fondo General 
920 |a Impresos - Libros 
930 |a Colección General 
905 |a 101 
901 |a 0500010415  |b IT1  |c ACC  |u 20250521 
902 |a https://opac.biblio.iteso.mx/vufind/Record/000052954